The orchids of Peninsular Malaysia and Singapore : A revision of R.E. Holttum: Orchids of Malaya

Bibliographic Details
Main Author: SEIDENFADEN
Other Authors: WOOD
Format: Book
Published: Fredensborg, Denmark : Olsen & Olsen , 1992
Subjects:

MARC

LEADER 00000cam a2200000 7i4500
001 0000000171
005 20011019.0
020 0 0 |a 8785215244 
090 0 0 |a R584.4095951   |b SEI 1992 
100 1 0 |a SEIDENFADEN   |h Gunnar 
245 1 4 |a The orchids of Peninsular Malaysia and Singapore :   |b A revision of R.E. Holttum: Orchids of Malaya   |c Gunnar Seidenfaden & Jeffrey J. Wood 
260 0 0 |a Fredensborg, Denmark :   |b Olsen & Olsen ,   |c 1992 
300 |a 779 p. :   |b ill., 28 col. plates, folded map ;   |c 27 cm. 
500 0 0 |a Includes index 
650 0 0 |a Orchids   |z Malaysia 
650 0 0 |a Orchids   |z Singapore 
700 0 1 |a WOOD   |h Jeffrey J. 
998 |a JPSM 
999 |a 0000001294   |b Monograph   |c Reference   |e Default branch